Du droit civil au droit public. À travers les personnes, les biens, et la responsabilité civile.
Guardat en:
| Autor principal: | |
|---|---|
| Format: | Llibre |
| Idioma: | anglès |
| Publicat: |
Paris, France:
Librarie Générale de Droit et de Jurisprudence,
1950.
|
| Edició: | Deuxième édition. |
| Matèries: | |
| Etiquetes: |
Afegir etiqueta
Sense etiquetes, Sigues el primer a etiquetar aquest registre!
|
MARC
| LEADER | 00000nam a22000007a 4500 | ||
|---|---|---|---|
| 003 | CL-VaPUC | ||
| 005 | 20220822114820.0 | ||
| 008 | 220805t1950 ||||| |||| 00| 0 eng d | ||
| 999 | |c 438009 |d 438007 | ||
| 040 | |c Pontificia Universidad Católica de Valparaíso | ||
| 082 | |2 22 |a 346.44 SAV 1950 | ||
| 100 | |9 380929 |a Savatier, René |e auteur | ||
| 245 | |a Du droit civil au droit public. |b À travers les personnes, les biens, et la responsabilité civile. | ||
| 250 | |a Deuxième édition. | ||
| 260 | |a Paris, France: |b Librarie Générale de Droit et de Jurisprudence, |c 1950. | ||
| 300 | |a 179 páginas. | ||
| 500 | |a c.1 Donación Familia Prof. Alejandro Guzmán Brito. | ||
| 583 | |c 20220805 |k Yessy Sthefany Diaz Vidal | ||
| 650 | 0 | |9 255013 |a Derecho civil |x Francia | |
| 650 | 0 | |a Derecho público |z Francia |9 874882 | |
| 650 | 0 | |9 295720 |a Responsabilidad civil |x Derecho |z Francia | |
| 942 | |2 ddc |c BK |n 0 | ||
| 952 | |0 0 |1 0 |2 ddc |4 0 |6 346_440000000000000_SAV_1950 |7 0 |8 C_AGB |9 585875 |a BIBDER |b BIBDER |d 2022-08-05 |e Donación |i 5652215 |o 346.44 SAV 1950 |p 5652215 |r 2023-01-25 |t 1 |w 2022-08-05 |y BK_US |k AGB | ||